Renovácia a výskum vlastností kužeľového ventilu s využitím CAx technológií

Na minha lista:
Detalhes bibliográficos
Autor principal: Mráz, Marek (Author)
Outros Autores: Milde, Ján (Thesis advisor)
Formato: Manuscrito Livro
Idioma:eslovaco
Publicado em: 2025
Assuntos:
Acesso em linha:http://is.stuba.sk/zp/portal_zp.pl?podrobnosti=183978
Tags: Adicionar Tag
Sem tags, seja o primeiro a adicionar uma tag!

MARC

LEADER 00000ntm a22000003a 4500
001 stuzp103478
003 SK-STU
005 20250614212013.1
007 ta
008 150427s2015----xo-----f-mn---000-0-slo-d
040 |a STU  |b slo 
041 0 |a slo 
100 1 |a Mráz, Marek  |u 063000  |4 aut  |U MTF Materiálovotechnologická fakulta  |T MTF Ústav výrobných technológií  |X 111828  |U M3000  |Y 83  |7 111828 
242 0 1 |a Renovation and Research of Cone Valve Properties Using CAx Technologies  |y eng 
245 1 0 |a Renovácia a výskum vlastností kužeľového ventilu s využitím CAx technológií 
260 |c 2025 
650 4 |a 3D CAD model  |2 eng 
650 4 |a PowerShape  |2 eng 
650 4 |a Blender  |2 eng 
650 4 |a 3D scan  |2 eng 
650 4 |a renovation  |2 eng 
650 4 |a GOM Inspect 2018  |2 eng 
650 4 |a cone valve  |2 eng 
650 4 |a reverse engineering  |2 eng 
650 4 |a 3D CAD model  |2 slo 
650 4 |a PowerShape  |2 slo 
650 4 |a Blender  |2 slo 
650 4 |a reverzné inžinierstvo  |2 slo 
650 4 |a 3D skenovanie  |2 slo 
650 4 |a kužeľový ventil  |2 slo 
650 4 |a GOM Inspect 2018  |2 slo 
650 4 |a renovácia  |2 slo 
700 1 |a Milde, Ján  |u 063200  |k Z1  |4 ths  |U MTF Ústav výrobných technológií  |T MTF Katedra obrábania a počítačovej podpory technológií  |X 56936  |U M3200  |Y 164  |7 A000056936 
856 4 |u http://is.stuba.sk/zp/portal_zp.pl?podrobnosti=183978 
996 |c M* DP-15611  |l MMSKP  |s P  |a 0  |w stuzp103478_0001